AU LIBRARIES
Centralized Library System Across Seven Campuses

National Savings Hand Book (Record no. 47224)

MARC details
000 -LEADER
fixed length control field 00418nam a22001697a 4500
005 - DATE AND TIME OF LATEST TRANSACTION
control field 20260407112153.0
008 - FIXED-LENGTH DATA ELEMENTS--GENERAL INFORMATION
fixed length control field 260407b |||||||| |||| 00| 0 eng d
020 ## - INTERNATIONAL STANDARD BOOK NUMBER
ISBN 19-7-2002-1000
082 ## - DEWEY DECIMAL CLASSIFICATION NUMBER
Classification number 332.0415
Author Mark NAT-C
100 ## - MAIN ENTRY--AUTHOR
Author Name National Saving
245 ## - TITLE STATEMENT
Title National Savings Hand Book
260 ## - PUBLICATION, DISTRIBUTION, ETC.
Place of Publication Pakistan
Name of publisher, distributor, etc. Unshakable Trust
Date of publication, distribution, etc. 2002
300 ## - PHYSICAL DESCRIPTION
Pages ix, 306 p.
490 ## - SERIES STATEMENT
Volume II
650 ## - SUBJECT ADDED ENTRY--TOPICAL TERM
Subject / Department Economics
942 ## - ADDED ENTRY ELEMENTS (KOHA)
Koha item type Book
Holdings
Withdrawn status Lost status Damaged status Not for loan Collection code Permanent Location Current Location Shelving Location Date acquired Source of acquisition Total Checkouts Full Call Number Accession No./Barcode Date last seen Koha item type
        Management Science Air University H-11 Campus Islamabad Air University H-11 Campus Islamabad Economics 04/07/2026 Gifted By Dr. Salman Hasan   332.0415 NAT-C AUHEG0026 04/07/2026 Book
Air University Sector E-9, Islamabad Pakistan
Email: librarian@au.edu.pk  Tel : +0092 51 9262612 Ext: 631